Statistics for Lockheed Airplanes

Click here to take the quiz!

General Stats

  • This quiz has been taken 34 times
  • The average score is 4 of 64

Answer Stats

StatusAircraftFirst Flight% Correct
In serviceF-22 RaptorSeptember 7, 1997
64%
In serviceL-1011 TriStarNovember 16, 1970
41%
DiscontinuedSR-71 BlackbirdDecember 22, 1964
41%
CurrentC-130 HerculesAugust 23, 1954
27%
In serviceC-5 GalaxyJune 30, 1968
23%
In serviceF-117 NighthawkJune 18, 1981
23%
DiscontinuedP-38 LightningJanuary 27, 1939
23%
DiscontinuedYF-12 BlackbirdAugust 7, 1963
23%
DiscontinuedElectraFebruary 23, 1934
18%
In serviceP-3 OrionNovember 1959
14%
In serviceF-104 StarfighterMarch 4, 1954
9%
CurrentL-100 Hercules/LM-100J HerculesApril 20, 1964/
May 25, 2017
9%
In serviceL-1049 Super ConstellationJuly 14, 1951
9%
In serviceL-188 ElectraDecember 6, 1957
9%
DiscontinuedP-2 NeptuneMay 17, 1945
9%
DiscontinuedP-80 Shooting StarJanuary 8, 1944
9%
In serviceU-2 (Dragon Lady)August 1, 1955
9%
DiscontinuedVegaJuly 4, 1927
9%
ScrappedVega Model 2 StarlinerApril 22, 1939
9%
DiscontinuedA-12 OxcartApril 26, 1962
5%
DiscontinuedB-34 Lexington / B-37/
PV-1 Ventura / PV-2 Harpoon
July 31, 1941
5%
DiscontinuedElectra Junior (L-12)June 27, 1936
5%
DiscontinuedL-049 Constellation ("Connie")January 9, 1943
5%
ScrappedL-1249 Super Constellation (R7V-2/YC-121F)September 1, 1954
5%
DiscontinuedL-1649 StarlinerOctober 10, 1956
5%
DiscontinuedL-649 ConstellationOctober 19, 1946
5%
DiscontinuedL-749 ConstellationMarch 14, 1947
5%
In serviceLodestarSeptember 21, 1939
5%
DiscontinuedOrion1931
5%
DiscontinuedT-33 Shooting StarMarch 22, 1948
5%
DiscontinuedAH-56 CheyenneSeptember 21, 1967
0%
DestroyedAir ExpressApril 1928
0%
DiscontinuedAltairSeptember 1930
0%
ScrappedAQM-60 Kingfisher (XQ-5)April 1951
0%
DestroyedBig DipperDecember 10, 1945
0%
DiscontinuedC-141 StarlifterDecember 17, 1963
0%
DiscontinuedCL-475November 2, 1959
0%
DiscontinuedD-21December 22,1964
0%
DestroyedExplorerJune 1929
0%
DiscontinuedF-94 StarfireApril 16, 1949
0%
DestroyedHave Blue (XST)December 1, 1977
0%
DiscontinuedHudsonDecember 10, 1938
0%
DiscontinuedJetStarSeptember 4, 1957
0%
ScrappedLittle Dipper (Air Trooper)August 1944
0%
DiscontinuedMQM-105 AquilaApril 1951
0%
ScrappedR6O/R6V ConstitutionNovember 9, 1946
0%
DiscontinuedS-3 VikingJanuary 21, 1972
0%
ScrappedSaturnJune 17, 1946
0%
DiscontinuedSirius1929
0%
DiscontinuedSuper ElectraJuly 29, 1937
0%
In serviceT2V SeaStar (T-1) (L-245)December 15, 1953
0%
DiscontinuedX-26 FrigateJuly 1967
0%
DiscontinuedX-7April 26, 1951
0%
DiscontinuedXC-35May 9, 1937
0%
DestroyedXF-104 StarfighterMarch 4, 1954
0%
DiscontinuedXF-90June 3, 1949
0%
DiscontinuedXFV-1June 16, 1954
0%
DiscontinuedXH-51November 2, 1962
0%
DiscontinuedXP-49November 14, 1942
0%
DiscontinuedXP-58 Chain LightningJune 6, 1944
0%
DestroyedXV-4 HummingbirdJuly 7,1962
0%
DiscontinuedYF-22 Lightning IISeptember 29,1990
0%
DiscontinuedYO-3A Quiet Star1969
0%
DestroyedYP-241931
0%

Score Distribution

Percentile by Number Answered

Percent of People with Each Score

Your Score History

You have not taken this quiz